Ošetrovateľská starostlivosť o onkologického pacienta

Bibliographic Details
Main Authors: Orenčáková, Tatiana (Author), Dutkotová, Mária (Author)
Format: Article
Language:Slovak
PhysicalDescription:Fotografie
ISSN:1335-9444
Subjects:

MARC

LEADER 00000nab a2200000 4500
001 vtls012157495
003 SK-MaSNL
005 20260304180003.0
008 221220|2016 xo |||| ||an ||00 0|slo
015 |a SNBRB2022/12 
040 |a SPKCL  |b slo  |e rda 
041 |a slo  |b slo 
044 |a xo  |c SK 
072 7 |a 616  |x Patológia. Klinická medicína  |2 konspekt 
080 |a 616-006.04-052-055.1  |2 2011 
100 1 |a Orenčáková, Tatiana  |4 aut  |9 1509016 
245 1 0 |a Ošetrovateľská starostlivosť o onkologického pacienta  |c Tatiana Orenčáková, Mária Dutkotová 
300 |b Fotografie 
336 |a text  |b txt  |2 rdacontent 
337 |a bez média  |b n  |2 rdamedia 
338 |a zväzok  |b nc  |2 rdacarrier 
504 |a Obsahuje bibliografiu 
546 |a Slovenské resumé 
650 0 7 |a ošetrovateľská starostlivosť  |2 SNKPH  |9 63308 
650 0 7 |a onkologickí pacienti  |2 SNKPH  |9 78306 
700 1 |a Dutkotová, Mária  |4 aut  |9 1509017 
773 0 |t Sestra  |g Roč. XV, č. 1-2 (2016), s.14-15  |x 1335-9444 
958 |a NB 
999 |c 3015965  |d 3017895